Score 0/34 Timer 04:00
0 Plays Today
Hint 4-Letter Word % Correct
Jewish symbol: ___ of DavidSTAR
93.3%
♪ I ___ the Sheriff ♪♫SHOT♫
92.8%
To put away moneySAVE
92.3%
Black chimney residueSOOT
91.9%
Italy-shaped footwareBOOT
91.9%
A narrow roadLANE
91.7%
Single or without accompaniment LONE
91.6%
Aquatic vessel smaller than a shipBOAT
91.4%
Neighbor of Iraq and AfghanistanIRAN
90.1%
Psychologically soundSANE
89.6%
'An open and ___ case' SHUT
89.2%
A child lacking good mannersBRAT
88.2%
♪ ___ [rung 33] [rung 34] ♪ or Chemical symbol: Fe♫IRON♫
88.2%
♪ One ___ /People Get Ready ♪♫LOVE♫
87.2%
Healthy outer layer of grainsBRAN
86.3%
A piece of earthLAND
85.2%
Wash, most often of selfLAVE
84.7%
Hint 4-Letter Word % Correct
The Wailers, to MarleyBAND
83.3%
Lee, Musial or Marsh, e.g.STAN
83%
♪ [rung 31] ___ [rung 34] ♪ or Leo in the zodiac♫LION♫
82.3%
Restrain with ropeBIND
81.6%
To actively stay away fromSHUN
81.3%
Companion of sweet, salt and bitterSOUR
80.1%
Scientology founder HubbardL. RON
79.2%
Render immobileSTUN
78.8%
♪ ___ It Up ♪♫STIR♫
74.2%
♪ Redemption ___♫SONG♫
69.6%
French for 'evening'SOIR
67.3%
A unit of measured loudnessSONE
67%
Very stern or unfriendlyDOUR
66.1%
♪ [rung 31] [rung 33] ___ ♪ or Jerusalem mountain♫ZION♫
65.1%
♪ Three Little ___s ♪♫BIRD♫
58%
Vietnamese currencyDONG
56.6%
Funnie Nickelodeon show ('91-'94)DOUG
56%

Today's Daily Dose

Missing Word
3 Word TV Shows

Word Ladder
Olsen Twins

Quick Pick
TLC Shows

You're not logged in!

Compare scores with friends on all Sporcle quizzes.
OR
Log In

Sporcle TV

Today on Sporcle TV


Watch our educational content, quiz creation guides, and fun videos on Sporcle TV.

Show Comments

Extras

Top Quizzes Today


Score Distribution

Paid Content

Your Account Isn't Verified!

In order to create a playlist on Sporcle, you need to verify the email address you used during registration. Go to your Sporcle Settings to finish the process.

Report this User

Report this user for behavior that violates our Community Guidelines.

Details: